| 000 | 00933nam a22002657a 4500 | ||
|---|---|---|---|
| 999 |
_c1018 _d1018 |
||
| 001 | 000732 | ||
| 003 | CoMeUDC000732 | ||
| 005 | 20190129204454.0 | ||
| 008 | 010709r2000 ck a z 00010 spa d | ||
| 015 | _ack-2000-xxxx | ||
| 020 | _a9587010442 | ||
| 035 | _aAHF0028 LA | ||
| 040 |
_ala _cCoMeUDC |
||
| 041 | 0 | _aspa | |
| 082 | 0 | 4 |
_a631.523 _bS471 _220 ed. |
| 111 |
_aSeminario Cultivos Transgénicos: implicaciones ambientales en Colombia _d(2000 : _cColombia) _91390 |
||
| 245 | 1 | 0 |
_aCultivos transgénicos : _bimplicaciones ambientales en Colombia, memorias / _cSeminario Cultivos Transgénicos, Universidad Nacional de Colombia, Maestría en Medio Ambiente y Desarrollo. |
| 260 |
_aBogotá : _bIDEA, _c2000. |
||
| 300 |
_a134 p : _bil ; _c24 cm. |
||
| 504 | _aIncluye bibliografa̕. | ||
| 650 | 0 |
_aBiotecnología vegetal. _91391 |
|
| 650 | 0 |
_aBiotecnología agrícola. _91392 |
|
| 942 |
_2ddc _cBK |
||
| 949 |
_ac _bn |
||